Tour de France par les autoroutes - Statistiques

Statistiques générales
  • Ce quiz a été pris 176 fois
  • Le résultat moyen est 19 sur 24
Statistiques - réponses
Hint Réponse % Correct
En partant de la Capitale, nous prenons l'autoroute A4 sur 159 km et arrivons à Reims
94%
Prenons maintenant l'A26 sur 160 km puis l'A1 sur une quarantaine pour arriver à Lille
92%
130 km d'A13 vers l'Ouest et nous sommes à Caen
82%
Continuons sur l'A10 et 250 km plus loin nous sommes à Bordeaux
81%
De là, l'A25 nous amène en 75 km à Dunkerque
81%
De là, il nous faut continuer vers l'Est via l'A61 puis l'A9 pendant 250 km pour arriver à Montpellier
81%
L'A64 est directe pour nous emmener en 300 km à Toulouse
81%
Encore 100 km mais sur l'A10 vers le sud et nous voilà à Poitiers
78%
De là, il suffit de 120 km sur l'A29 puis l'A28 pour rejoindre Rouen
78%
En 200 km, l'A16 longe la côte puis bifurque vers l'est pour nous emmèner à Amiens
76%
De là, l'A63 nous mène en 185 km à Bayonne
76%
L'A6, s'il n'y a pas trop de bouchon, puis l'A31 nous amène en 197 km à Dijon
76%
L'étape suivante, nous mène, en 153 km via l'A81 vers l'Est jusqu'à Le Mans
76%
A48 puis A43, sur 112 km et nous sommes à Lyon
76%
retour sur l'A4 sur 166 km jusqu'à Metz
76%
De là, nous prenons l'A84 vers le sud et au bout de 180 km environ nous atteignons Rennes
76%
En un centaine de km, l'A28 nous mène à Tours
76%
Ce coup ci on rentre, l'A5 nous ramène en 180 km environ à Paris
75%
115 km de l'A35 (gratuite !) et nous sommes à Strasbourg
75%
Il est temps de remettre cap au nord, l'A51 (avec un passage sur la D1075 au milieu...) nous mène en 241 km à Grenoble
74%
Un petit bout d'A39 puis l'A36 vers l'Est et nous sommes en 223 km à Mulhouse
73%
Bientôt la fin de notre périple mais nous décidons d'un petit détour pour faire des courses, après 158 km sur l'A4, nous bifurquons au sud sur l'A26 qui nous mène en 95 km à Troyes
73%
J'espère que vous avez aimé ce voyage d'environ 4 050 km avec nous, n'hésitez pas à faire le tour d'Europe en avion qui part de la capitale de l'Union Européenne : Bruxelles
71%
Toujours vers l'Est, il nous faut enchainer A9, A54, A7 et A8 pour arriver, 160 km plus loin à Aix en Provence
66%
Aucun quiz correspondant
Distribution des résultats
% des personnes avec chaque résultat
Percentile par nombre de réponses
Votre historique - résultats
Vous n’avez pas pris ce quiz